000 00329nam a2200133 i 4500
001 bg
100 1 _aVAJNBERG, M. M.
245 0 _aTeorija vetvlenija rešenij nelinejnych uravnenij /
_cM.M. Vajnberg.
260 _aMoskva,
_c1969.
040 _cBPK
041 _apol
942 _cKS
008 s pl f |000 0 pol
999 _c12304
_d12304
856 _uhttp://koha.tu.koszalin.pl/cgi-bin/koha/opac-detail.pl?biblionumber=12304
_yKatalog online BPK